000 00394nam a22001457a 4500
020 _a0406405999
082 _a346.42013VEN.
100 _aH.D.S Venables.
245 _aA guide to the law affecting mental patients
260 _alondon
_bButterworths
_c1975
300 _axxi,155p.
_bill,21cm
500 _aInclude index
650 _aA guide to the law affecting mental patients
942 _cBK
999 _c16410
_d16410